000 00641nam a22002297a 4500
003 UA-OsUOA
001 99814
007 ta
008 20130517b un ||||| |||| 00| 0 ukr d
100 _aСубботин А.Л.
090 _a821.161.1
_bС85
942 _cBK
040 _aUA-OsUOA
_brus
_cUA-OsUOA
_dUA-OsUOA
245 _aПрощание с миром
_bрассказы и повести
300 _a460 с.
955 _a0
041 _arus
080 _a821.161.1
260 _aМосква
_bСовременник
_c1989
650 7 _a82 Література. Літературознавство
_2UDC
999 _c386050
_d386050